Poesía hispanoamericana : (Record no. 606)
[ view plain ]
| 000 -CABECERA | |
|---|---|
| campo de control de longitud fija | 03219nam a22003374c 4500 |
| 003 - IDENTIFICADOR DE NUMERO DE CONTROL | |
| campo de control | AR-BaSMT |
| 008 - CAMPOS DE LONGITUD FIJA | |
| campo de control de longitud fija | 260327t2018 ag||||gr|||| 001 1 spa d |
| 020 ## - ISBN: Indicadores indefinidos | |
| Número ISBN | 9789507535765 |
| 040 ## - FUENTE DE CATALOGACION | |
| Agencia de catalogación original | BSGB |
| Idioma de catalogación | español |
| Convenciones de la descripción | rda |
| 041 0# - CODIGO DE IDIOMA | |
| Código idioma | spa |
| Idioma original | español |
| 080 ## - CDU | |
| CDU completo | 82-1 |
| 245 00 - MENCION DE TITULO | |
| Título | Poesía hispanoamericana : |
| Subtítulo | del Barroco al Modernismo : antología. |
| 250 ## - MENCION DE EDICION | |
| Mención de edición | 1a edición. |
| 264 ## - PRODUCCIÓN, PUBLICACIÓN, DISTRIBUCIÓN, ETC. | |
| Lugar de publicación, etc. | Buenos Aires : |
| Nombre editor. | Cántaro, |
| Fecha | 2018 |
| 300 ## - DESCRIPCION FISICA | |
| Extensión | 160 páginas. |
| 336 ## - TIPO DE CONTENIDO | |
| texto | Texto |
| 337 ## - TIPO DE MEDIO | |
| sin mediación | Sin mediación |
| 338 ## - TIPO DE SOPORTE | |
| volumen | Volúmen |
| 490 ## - TÍTULO DE LA SERIE | |
| Título de la serie | Colección Del Mirador |
| Número de serie | 269 |
| 500 ## - NOTA GENERAL | |
| Nota general | Compilado por Karina Echevarría ; prólogo de María Soledad Silvestre. |
| 504 ## - NOTA DE BIBLIOGRAFIA | |
| Bibliografía | Bibliografía: p. [149-150]. |
| 504 ## - NOTA DE BIBLIOGRAFIA | |
| Bibliografía | Incluye notas a pie de página. |
| 505 ## - NOTA DE CONTENIDO CON FORMATO | |
| Volcar toda la info, nivel básico, Indicadores 8 y # | Índice<br/>Puertas de acceso (p. 3) -- Sobre la poesía. Métrica, rima y recursos expresivos (p. 5) -- Poesía hispanoamericana. Los períodos históricos (p. 17) -- La obra (p. 25) -- Barroco (p. 25) -- Luis de Tejeda. Soliloquio primero (p. 27) -- Sor Juana Inés de la Cruz. Redondillas (p. 31) ; Sonetos (p. 35): En perseguirme, mundo, qué interesas (p. 35) ; Este que ves, engaño colorido (p. 36) ; Detente, sombra de mi bien esquivo (p. 37) -- Carlos de Sigüenza y Góngora. Primavera indiana (p. 39) -- Neoclasicismo (p. 49) -- José de Lavardén. Oda al Paraná (p. 51) -- Andrés Bello. Alocución a la poesía (p. 55) -- Bartolomé Hidalgo. Cielito de la Independencia (p. 61) -- Juan Cruz Varela. Al 25 de mayo de 1838 (p. 65) ; De mi muerte (p. 71) -- Romanticismo (p. 73) -- Esteban Echeverría. La cautiva (frag.) (p. 75) -- Gertrudis Gómez de Avellaneda. A él (p. 83) -- José Mármol. Las nubes (p. 85) -- Ricardo Palma. Navegando (p. 89) ; Misterio (p. 90) -- José Hernández. La vuelta de Martín Fierro (frag.) (p. 91) -- Rafael Obligado. La Pampa (p. 99) -- Modernismo (p. 105) -- José Martí. Versos sencillos I (p. 107) ; Dos patrias (p. 111) -- Rubén Darío. Sonatina (p. 113) ; Lo fatal (p. 116) ; Yo soy aquel (p. 117) -- Amado Nervo. Mi verso (p. 123) ; Tibi Regina (p. 125) -- Leopoldo Lugones. El nido ausente (p. 127) ; A la patria (p. 128) ; A ti, única (p. 132) ; Historia de mi muerte (p. 135) ; Paradisíaca (p. 136) -- Posmodernismo (p. 137) -- Evaristo Carriego. Tu secreto (p. 139) ; La silla que ahora nadie ocupa (p. 140) ; Caperucita roja, que se nos fue (p. 141) -- Alfonsina Storni. Duerme tranquilo (p. 143) ; Versos a la tristeza de Buenos Aires (p. 144) ; La caricia perdida (p. 145) ; La inquietud del rosal (p. 146) ; Voy a dormir (p. 147) -- Bibliografía (p. 149). |
| 520 ## - NOTA DE SUMARIO, RESUMEN, ETC. | |
| Toda la nota | La llegada del idioma castellano a América marca el comienzo de una literatura hispanoamericana. Nuevos motivos, nuevos usos de la lengua, nuevas maneras de expresarse, de definirse y de contarse. La poesía hispanoamericana, como un río, fluye y se alimenta de nuevos afluentes, arrastra sedimentos nativos y aflora en cascadas, manantiales y rápidos. El paisaje se transforma bajo su voz. |
| 521 ## - NOTA DE PÚBLICO DESTINATARIO | |
| Nota de audiencia | Público general |
| 650 #7 - PUNTO DE ACCESO ADICIONAL DE MATERIA – TÉRMINO TEMÁTICO | |
| Enlace autoridades | 104 |
| Término de materia o nombre geográfico como elemento de entrada | POESÍA |
| 700 1# - PUNTO DE ACCESO ADICIONAL – NOMBRE DE PERSONA | |
| Apellido, Nombre | Echevarría, Karina |
| Término relacionador: | compiladora |
| Enlace autoridades | 434 |
| 700 1# - PUNTO DE ACCESO ADICIONAL – NOMBRE DE PERSONA | |
| Apellido, Nombre | Silvestre, María Soledad |
| Término relacionador: | prologuista |
| Enlace autoridades | 438 |
| 942 ## - ELEMENTOS AGREGADOS (KOHA) | |
| CDU | Clasificación decimal universal |
| Tipo de ítem | Libros |
| Disponible | Perdido | Fuente de clasificación | Estado | Ubicación permanente | Locación actual | Estante o sala | Fuente de adquisición | Número de inventario | Total préstamos | Signatura topográfica | Código de barras | Numero de ejemplar | Tipo de item de Koha | Calificador de localización códificado |
|---|---|---|---|---|---|---|---|---|---|---|---|---|---|---|
| Clasificación Decimal Dewey | Biblioteca Susana G. De Batemarco | Biblioteca Susana G. De Batemarco | Literatura Secundaria | Donación | 000706 | 82-1 DET | 000706 | 1 | Libros |
